000
00319nam a22001337a 4500
020
_a
978-9388399838
041
_a
ENG
100
_a
Bosos.E.S
245
_a
Thery Construction And Calculations Of Agricultural Machines
260
_a
Delhi
_b
Oxonian Press
_c
1998
300
_a
810
650
_a
FMP
856
_u
FMP (23 )
999
_c
1371
_d
1371